On dealing with the Communist world.

Bibliographic Details
Main Author: Kennan, George F. (George Frost), 1904-2005
Corporate Author: Council on Foreign Relations
Format: Book
Language:English
Published: New York : Published for the Council on Foreign Relations by Harper & Row, [1964]
Edition:[1st ed.].
Series:Elihu Root lectures ; 1963-64.
Subjects:

MARC

Tag First Indicator Second Indicator Subfields
LEADER 00000cam a22000001 4500
001 in00000304548
005 20151010092821.0
008 711124s1964 nyu 00000 eng
010 |a  64015263  
035 |a (OCoLC)00398273 
035 |9 ABG7356AM 
040 |a DLC  |c DLC  |d TXA  |d UtOrBLW 
043 |a n-us--- 
049 |a TXAM  |c [402532] 
050 0 0 |a D1065.U5  |b K4 
082 0 |a 327.73 
100 1 |a Kennan, George F.  |q (George Frost),  |d 1904-2005. 
245 1 0 |a On dealing with the Communist world. 
250 |a [1st ed.]. 
264 1 |a New York :  |b Published for the Council on Foreign Relations by Harper & Row,  |c [1964] 
300 |a xi, 57 pages ;  |c 22 cm. 
336 |a text  |b txt  |2 rdacontent 
337 |a unmediated  |b n  |2 rdamedia 
338 |a volume  |b nc  |2 rdacarrier 
490 1 |a The Elihu Root lectures,  |v 1963-64 
651 0 |a Communist countries  |x Relations  |z United States. 
651 0 |a United States  |x Relations  |z Communist countries. 
710 2 |a Council on Foreign Relations. 
830 0 |a Elihu Root lectures ;  |v 1963-64. 
999 |a MARS 
999 f f |s 48311a67-d311-3872-ae75-c159669dcec2  |i 6a1718ba-e843-3c6b-b8bc-00b8ef0fbf5e  |t 0 
952 f f |p ric  |a Texas A&M University  |b Rellis Campus  |c Joint Library Facility  |d Remote Storage  |t 0  |e D1065.U5 K4  |h Library of Congress classification  |i unmediated -- volume  |m A14801904563 
998 f f |a D1065.U5 K4  |t 0  |l Remote Storage